000 00758nam a2200241 i 4500
001 16488
003 ES-MaACL
005 20250802063059.0
007 t|
008 001002s1996 sp ||||1| spa d
020 _a84-493-0227-7
080 _a1(081)Foucault, Michel
100 1 _aFoucault, Michel,
_d1926-1984
_9241486
245 1 0 _aDe lenguaje y literatura /
_cMichel Foucault ; introducción de Angel Gabilondo.
250 _a1ª ed.
260 _aBarcelona :
_bPaidós,
_c1996.
300 _a221 p. ;
_c20 cm.
490 1 _aPensamiento contemporáneo ;
_v42
700 1 _aGabilondo, Ángel,
_d1949-
_9138768
830 0 _aPensamiento contemporáneo ;
_v42
_9179725
852 _aES-MaACL
_jL-23794
_bR.128642
999 _c16488
_d16488